Heroes for civil rights / (Record no. 9243)

MARC details
000 -LEADER
fixed length control field 01115nam a22002897a 4500
001 - CONTROL NUMBER
control field 9243
003 - CONTROL NUMBER IDENTIFIER
control field FISKH
005 - DATE AND TIME OF LATEST TRANSACTION
control field 20251204125214.0
008 - FIXED-LENGTH DATA ELEMENTS--GENERAL INFORMATION
fixed length control field 251204b cb ||||| |||| 00| 0 eng d
020 ## - INTERNATIONAL STANDARD BOOK NUMBER
International Standard Book Number 9780545135351
040 ## - CATALOGING SOURCE
Original cataloging agency FISKH
Language of cataloging eng
Transcribing agency FISKH
Modifying agency FISKH
050 ## - LIBRARY OF CONGRESS CALL NUMBER
Classification number E185 .A424
082 ## - DEWEY DECIMAL CLASSIFICATION NUMBER
Classification number 323.092
100 ## - MAIN ENTRY--PERSONAL NAME
Personal name Adler, David A.
245 ## - TITLE STATEMENT
Title Heroes for civil rights /
Statement of responsibility, etc. by David A. Adler : illustrated by Bill Farnsworth
250 ## - EDITION STATEMENT
Edition statement First Scholastic printing , January 2009
260 ## - PUBLICATION, DISTRIBUTION, ETC.
Place of publication, distribution, etc. New York :
Name of publisher, distributor, etc. Scholastic ,
Date of publication, distribution, etc. 2008.
300 ## - PHYSICAL DESCRIPTION
Extent 32 pages :
Other physical details color illustrations ;
Dimensions 28 cm .
505 ## - FORMATTED CONTENTS NOTE
Formatted contents note Z <br/>
520 ## - SUMMARY, ETC.
Summary, etc. Whether marching, speaking, or simply going to school, brave men and women fought to advance social justice so that others could enjoy their rights. Adler's moving profiles and Farnsworth's evocative paintings honors these Americans who risked their own lives for freedom.
521 8# - TARGET AUDIENCE NOTE
Target audience note 970 <br/>
Source Lexile IG <br/>
521 8# - TARGET AUDIENCE NOTE
Target audience note Z <br/>
Source Raz-Plus <br/>
650 ## - SUBJECT ADDED ENTRY--TOPICAL TERM
Topical term or geographic name entry element Fannie Lou Hamer
Form subdivision Non-fiction
700 ## - ADDED ENTRY--PERSONAL NAME
Personal name Fransworth , Bill
Relator term Illustrator
942 ## - ADDED ENTRY ELEMENTS (KOHA)
Source of classification or shelving scheme Dewey Decimal Classification
Koha item type Books
Suppress in OPAC No
Holdings
Withdrawn status Lost status Source of classification or shelving scheme Damaged status Not for loan Collection Home library Current library Shelving location Date acquired Total Checkouts Full call number Barcode Date last seen Price effective from Koha item type
    Dewey Decimal Classification     Non-Fiction Footprints International School Library Network Toul Tom Poung Campus Footprints International School Library Network Toul Tom Poung Campus TTP Secondary Non-Fiction Bookshelves 12/04/2025   ADL 323.092 E185 .A424 2025-5022 12/04/2025 12/04/2025 Books